000
00335 a2200157 4500
001
177854
020
_a
040
_c
Magnum
100
_a
Garcia, Hélio Carlos
240
1
0
_a
Geografia do brasil
_l
por
245
1
0
_a
Geografia do brasil
362
0
_a
1899
440
1
_a
Scipione
697
_a
MAGNITO: PARADIDATICO
942
_c
BK
999
_c
177854
_d
177854